03233nam a2200421 4500001000800000007000300008008004100011040000800052041000800060100005200068245014700120300002200267520153100289650003501820650004001855650003301895650003101928653002901959653002001988700004702008700004102055700003302096700004902129700003202178700005202210700004102262700005002303700004402353700004802397700003502445700004202480700005402522700003802576700004202614773010702656942003102763999001702794ESSALUDta t2025 sp ||||| |||| 00| 0 spa d aBMG aspa aGarcía Cosío, María Doloreseautor942049 aTratamiento de la cardiopatía en receptores de trasplante renal: documento de consenso nacional de SET/SEC/SEN basado en una encuesta Delphi apáginas 252-262 aEl trasplante renal mejora la supervivencia y la calidad de vida de los pacientes con enfermedad renal terminal. La enfermedad cardiovascular es la principal causa de morbimortalidad durante el trasplante renal. La relación bidireccional entre enfermedad renal y cardiaca presenta un escenario clínico único que requiere un abordaje integral y personalizado. El objetivo de este consenso de expertos de la Sociedad Española de Trasplante, la Sociedad Española de Cardiología y la Sociedad Española de Nefrología es evaluar la práctica habitual y las estrategias sugeridas para el tratamiento cardiológico en los receptores de trasplante renal. Un panel de nefrólogos y cardiólogos españoles expertos en trasplante renal y cardiaco revisó la evidencia científica en relación con el tratamiento actual de la cardiopatía en trasplantados renales. Posteriormente, se crearon aseveraciones consensuadas mediante una metodología Delphi de 2 rondas. Se elaboraron 30 aseveraciones que abarcaban temas clave como la identificación de candidatos a trasplante renal, el tratamiento de la cardiopatía en los receptores de trasplante renal y la candidatura para trasplante cardiorrenal combinado en pacientes con insuficiencia renal terminal y cardiopatía. Las aseveraciones consensuadas del presente manuscrito proporcionan una orientación adicional a los expertos para el tratamiento cardiológico de los receptores de trasplante renal, en quienes la evidencia clínica publicada es escasa. aTRASPLANTE DE RIÑÓN913898 aENFERMEDADES CARDIOVASCULARES96997 aFALLO RENAL CRÓNICO949121 aINSUFICIENCIA RENAL932130 aTRATAMIENTO CARDIORRENAL aMÉTODO DELPHI aHernández Marrero, Domingoeautor949122 aCruzado, Josep Maríaeautor949123 aFarrero, Martaeautor949055 aBlasco Peiró, María Teresaeautor937744 aCrespo, Martaeautor949124 aDelgado Jiménez, Juan Franciscoeautor942189 aDíaz Molina, Beatrizeautor942052 aFernández Rivera, Constantinoeautor949125 aGarrido Bravo, Iris Paulaeautor949126 aLópez Jiménez, Verónicaeautor949127 aMelilli, Edoardoeautor949128 aMirabet Pérez, Sonia eautor942050 aPérez Tamajón, María Lourdes eautor949129 aRangel Sousa, Diegoeautor942811 aRodrigo Calabia, Emilioeautor9491300 016438921918dBarcelona ElsevieroRECARDIO059tRevista Española de CardiologíawESSALUDx1579-2242 cARTICULOSe2025-04-21zAFC c21329d21329